000
00291nam a2200121Ia 4500
008
190216s9999||||xx |||||||||||||| ||und||
100
_a
Ved Mehta
245
0
_a
Walking The Indian Streets
260
_b
Penguin Books
_c
1971
300
_a
124
650
_a
English Stories
942
_c
BK
999
_c
12842
_d
12842